00429 2200169 4500001002100000008004100021035002000062245003400082100002000116260002800136300002600164020002200190084001400212082000800226650001000234990001500244INLIS000000000003284 ind  a0010-1225000105 aMangircPramoedya Ananta Toer aToer, Pramoedya aJakartabGramediac2025 a114 hlmc13,5 x 20 cm a978-602-6208-80-4 a813 PRA m a813 aFiksi a19759/B/26